<?xml version="1.0" encoding="UTF-8"?>
<record
    xmlns:xsi="http://www.w3.org/2001/XMLSchema-instance"
    xsi:schemaLocation="http://www.loc.gov/MARC21/slim http://www.loc.gov/standards/marcxml/schema/MARC21slim.xsd"
    xmlns="http://www.loc.gov/MARC21/slim">

  <leader>00651nam a22001937a 4500</leader>
  <datafield tag="999" ind1=" " ind2=" ">
    <subfield code="c">172013</subfield>
    <subfield code="d">172013</subfield>
  </datafield>
  <controlfield tag="005">20200124153157.0</controlfield>
  <datafield tag="010" ind1=" " ind2=" ">
    <subfield code="a">UR-10680</subfield>
  </datafield>
  <datafield tag="020" ind1=" " ind2=" ">
    <subfield code="c">200.00</subfield>
    <subfield code="a">-</subfield>
  </datafield>
  <datafield tag="035" ind1=" " ind2=" ">
    <subfield code="a">U-9235</subfield>
  </datafield>
  <datafield tag="037" ind1=" " ind2=" ">
    <subfield code="b">DBAD/PUB</subfield>
    <subfield code="a">-</subfield>
  </datafield>
  <datafield tag="082" ind1=" " ind2=" ">
    <subfield code="a">921.844</subfield>
  </datafield>
  <datafield tag="100" ind1=" " ind2=" ">
    <subfield code="a">&#x645;&#x631; &#x62A;&#x628;&#x6C1;:&#x634; &#x6A9;&#x627; &#x641; &#x646;&#x638;&#x627; &#x645;   </subfield>
  </datafield>
  <datafield tag="245" ind1=" " ind2=" ">
    <subfield code="a">&#x628;&#x6BE;&#x64A;&#x691; &#x645;&#x64A;&#x6BA; &#x627; &#x6A9;&#x64A;&#x644;&#x627; </subfield>
    <subfield code="c">&#x645;&#x631; &#x62A;&#x628;&#x6C1;:&#x634; &#x6A9;&#x627; &#x641; &#x646;&#x638;&#x627; &#x645;  </subfield>
  </datafield>
  <datafield tag="246" ind1=" " ind2=" ">
    <subfield code="b">Bheed Main Akela  (Urdu)</subfield>
    <subfield code="a">Compiled by Sheen Kaaf Nizam </subfield>
  </datafield>
  <datafield tag="260" ind1=" " ind2=" ">
    <subfield code="a">Rajisthan</subfield>
    <subfield code="b">Rajisthan Urdu Academy</subfield>
    <subfield code="c">2001 &#x621;</subfield>
  </datafield>
  <datafield tag="270" ind1=" " ind2=" ">
    <subfield code="a">J-3,Subhash Marg,"C"Scheme,</subfield>
    <subfield code="b">Jaipur</subfield>
    <subfield code="e">302001</subfield>
    <subfield code="k">0141382664</subfield>
    <subfield code="l">-</subfield>
  </datafield>
  <datafield tag="300" ind1=" " ind2=" ">
    <subfield code="a">288 &#x635; </subfield>
    <subfield code="c">22 Cm(Hb)</subfield>
  </datafield>
  <datafield tag="942" ind1=" " ind2=" ">
    <subfield code="2">ddc</subfield>
    <subfield code="c">UR</subfield>
    <subfield code="h">921.844</subfield>
    <subfield code="m">&#x634; &#x6A9; &#x627; </subfield>
  </datafield>
  <datafield tag="952" ind1=" " ind2=" ">
    <subfield code="0">0</subfield>
    <subfield code="1">0</subfield>
    <subfield code="4">0</subfield>
    <subfield code="7">0</subfield>
    <subfield code="8">NFIC</subfield>
    <subfield code="a">L</subfield>
    <subfield code="b">L</subfield>
    <subfield code="d">2020-01-24</subfield>
    <subfield code="e">BPPD/Ven.</subfield>
    <subfield code="g">200.00</subfield>
    <subfield code="l">0</subfield>
    <subfield code="o">921.844 &#x634; &#x6A9; &#x627;</subfield>
    <subfield code="p">U-9235</subfield>
    <subfield code="r">2020-01-24 00:00:00</subfield>
    <subfield code="t">1</subfield>
    <subfield code="v">200.00</subfield>
    <subfield code="w">2020-01-24</subfield>
    <subfield code="y">UR</subfield>
  </datafield>
</record>
